My a Európa

Úvahy autora o smerovaní Slovenska a okolitých krajín v 21. storočí. Očakáva sa nezanedbateľný ekonomický rast, ale až na konci storočia. EÚ ako celok zaostáva v posledných desiatich rokoch v dynamike ekonomického a technologického rozvoja za USA. V skutočnosti priemerná materiálna úroveň na Slovens...

Ausführliche Beschreibung

Gespeichert in:
Bibliographische Detailangaben
1. Verfasser: Šmihula, Daniel
Format: Buchkapitel
Sprache:Slowakisch
Schlagworte:
Tags: Tag hinzufügen
Keine Tags, Fügen Sie das erste Tag hinzu!

MARC

LEADER 00000naa$a2200000$$$4500
001 0022582
005 20221207121938.7
041 0 |a slo 
044 |a SK 
245 1 0 |a My a Európa  |c Daniel Šmihula 
520 |a Úvahy autora o smerovaní Slovenska a okolitých krajín v 21. storočí. Očakáva sa nezanedbateľný ekonomický rast, ale až na konci storočia. EÚ ako celok zaostáva v posledných desiatich rokoch v dynamike ekonomického a technologického rozvoja za USA. V skutočnosti priemerná materiálna úroveň na Slovensku je vyššia než má okolo 80-70 percent ľudstva, pri neekonomických faktoroch sme na tom ešte lepšie. 
610 2 0 |a Európska únia 
610 2 0 |a vývoj hospodársky 
610 2 0 |a Slovensko 
610 2 0 |a prognózy dlhodobé 
610 2 0 |a prognózy hospodárske 
100 1 |a Šmihula, Daniel